[Event "13. Lichtenberger Sommer"]
[Site "?"]
[Date "2014.08.24"]
[Round "9.77"]
[White "Kujawa, Werner"]
[Black "Rau, Joshua"]
[Result "1-0"]
[WhiteElo "1814"]
[BlackElo "1624"]
[PlyCount "87"]
[EventDate "2014.??.??"]
[WhiteTeam "SV Motor Wildau e.V."]
[BlackTeam "Schachunion Berlin e.V."]

1. Nf3 d5 2. d4 Nf6 3. Bg5 e6 4. c4 Be7 5. Nc3 O-O 6. e3 c6 7. Rc1 dxc4 8. Bxc4
b5 9. Bd3 Nbd7 10. O-O a6 11. Bb1 Bb7 12. Qc2 Rc8 13. Ne5 g6 14. Rfd1 Qc7 15.
Nxd7 Qxd7 16. Bxf6 Bxf6 17. Ne4 Be7 18. Nc5 Qc7 19. Qe4 Rfd8 20. Qg4 Rd6 21. h4
Rcd8 22. h5 Rd5 23. hxg6 fxg6 24. Qxe6+ Kh8 25. Nxb7 Qxb7 26. Rxc6 Rg5 27. Be4
Qd7 28. Rxa6 Qc7 29. Rc6 Qd7 30. Rdc1 Kg7 31. Qxd7 Rxd7 32. Rc7 Rxc7 33. Rxc7
Kf7 34. a3 h5 35. f4 Rg3 36. Kf2 h4 37. b4 g5 38. f5 Ke8 39. Rb7 Bd6 40. Rxb5
h3 41. gxh3 Rxh3 42. Bc6+ Kd8 43. Rd5 Kc7 44. Be8 1-0

[Event "13. Lichtenberger Sommer"]
[Site "?"]
[Date "2014.08.24"]
[Round "9.78"]
[White "Peter, Volkhard"]
[Black "Kostanyan, Hakob"]
[Result "1-0"]
[WhiteElo "1815"]
[BlackElo "1517"]
[PlyCount "120"]
[EventDate "2014.??.??"]
[WhiteTeam "Schachclub Oranienburg e.V."]
[BlackTeam "SC Weisse Dame e.V."]

1. e4 e5 2. f4 d5 3. exd5 e4 4. d3 Nf6 5. dxe4 Nxe4 6. Nf3 Bc5 7. Qe2 Qe7 8.
Be3 Bxe3 9. Qxe3 O-O 10. Ne5 Nd6 11. Kf2 Nf5 12. Qc3 f6 13. Nf3 Qe4 14. Nbd2
Qxf4 15. g3 Qd6 16. Re1 b6 17. Ne4 Qd8 18. Bc4 Kh8 19. Rd1 Nd6 20. Nxd6 Qxd6
21. Rhe1 Bg4 22. Qe3 Nd7 23. Be2 Rfe8 24. Qd4 Qc5 25. Qxc5 Nxc5 26. Kg2 Ne4 27.
Nd4 Bh3+ 28. Kxh3 Nf2+ 29. Kg2 Nxd1 30. Rxd1 Kg8 31. Bf3 Rad8 32. Nc6 Rd6 33.
Nxa7 Ra8 34. Nb5 Rd7 35. d6 Rc8 36. Bg4 cxd6 37. Bxd7 Rxc2+ 38. Kh3 Rxb2 39.
Rxd6 Kf8 40. a3 Ke7 41. Rd5 h6 42. Bc6 Ke6 43. Nd4+ Kf7 44. Rd7+ Kg6 45. Be4+
f5 46. Bxf5+ Kf6 47. Be6 h5 48. Bc4 g5 49. Rf7+ Ke5 50. Nf3+ Kd6 51. Nxg5 b5
52. Rb7 Kc5 53. Rxb5+ Rxb5 54. Bxb5 Kxb5 55. Kh4 Ka4 56. Kxh5 Kxa3 57. h4 Kb4
58. Kg6 Kc5 59. h5 Kd6 60. Kg7 Ke5 1-0

[Event "13. Lichtenberger Sommer"]
[Site "?"]
[Date "2014.08.24"]
[Round "9.79"]
[White "Bollenbach, Horst"]
[Black "Keusch, Horst"]
[Result "0-1"]
[WhiteElo "1752"]
[BlackElo "2021"]
[PlyCount "116"]
[EventDate "2014.??.??"]
[WhiteTeam "SC Friesen Lichtenberg e.V."]
[BlackTeam "SC Friesen Lichtenberg e.V."]

1. e4 g6 2. d4 c6 3. g3 d5 4. Bg2 dxe4 5. Bxe4 Nf6 6. Bg2 Bg7 7. Ne2 O-O 8. O-O
Bf5 9. Nd2 Na6 10. c3 Nc7 11. Nc4 Nfd5 12. Nf4 Qc8 13. Re1 Re8 14. Ne5 Nxf4 15.
Bxf4 Nd5 16. Qd2 Nxf4 17. Qxf4 f6 18. Nc4 Qd7 19. Rad1 Bg4 20. Rd2 g5 21. Qe3
e6 22. h3 Bh5 23. g4 Bf7 24. Qg3 Rad8 25. b3 h6 26. Ree2 Bf8 27. Qf3 Kg7 28. a4
Qc7 29. Rd3 b5 30. axb5 cxb5 31. Nd2 Bd6 32. Ne4 Bf4 33. Nc5 Qa5 34. Qb7 Qa1+
35. Bf1 Kg6 36. Qe4+ Kg7 37. Re1 Qa5 38. Qc6 Rd6 39. Qf3 Qb6 40. Ne4 Rdd8 41.
Ng3 Bg6 42. Nh5+ Bxh5 43. gxh5 f5 44. Red1 Qd6 45. Be2 Kf6 46. Qg2 a6 47. f3
Rc8 48. Bf1 Re7 49. Qa2 Rec7 50. c4 bxc4 51. bxc4 Rxc4 52. R3d2 Bxd2 53. Rxd2
Rxd4 54. Qb2 e5 55. Re2 Rb8 56. Qa2 Rd8 57. Qa5 Rd5 58. Qc3 Qc5+ 0-1

[Event "13. Lichtenberger Sommer"]
[Site "?"]
[Date "2014.08.24"]
[Round "9.80"]
[White "Fuchs, Linda"]
[Black "Hirstel, Serge"]
[Result "1/2-1/2"]
[WhiteElo "1596"]
[BlackElo "1910"]
[PlyCount "126"]
[EventDate "2014.??.??"]
[WhiteTeam "SC Untergrombach 46"]
[BlackTeam "Hipsheim"]

1. e4 e5 2. Nf3 Nf6 3. Nxe5 d6 4. Nf3 Nxe4 5. d3 Nf6 6. g3 d5 7. d4 Be7 8. Bg2
O-O 9. O-O c6 10. Re1 Bf5 11. c3 Re8 12. Nbd2 Nbd7 13. Nb3 Bd6 14. Be3 Qc7 15.
Nc1 Ng4 16. Nd3 Nxe3 17. Rxe3 Rxe3 18. fxe3 Re8 19. Qd2 Nf6 20. Nde5 Ne4 21.
Qe2 f6 22. Nd3 Bg4 23. Nf4 Qd7 24. Qf1 Qf7 25. Re1 Qc7 26. Bh3 Qc8 27. Bxg4
Qxg4 28. Qg2 Qd7 29. Nd2 f5 30. Nxe4 Rxe4 31. Qf2 g6 32. h4 Qe7 33. Kf1 Qc7 34.
Kg2 a5 35. Kg1 a4 36. a3 Qe7 37. Kf1 Qf7 38. Qf3 Qe7 39. Qf2 Bxf4 40. exf4 h5
41. Re2 Kf7 42. Qf3 b5 43. Qd3 Kf6 44. Kf2 Rxe2+ 45. Qxe2 Qe4 46. Qf3 Ke6 47.
Qe3 Kd6 48. Ke2 Qc2+ 49. Qd2 Qb1 50. Kf2 Qh1 51. Ke3 Qg1+ 52. Qf2 Qb1 53. Qd2
Kc7 54. Ke2 Kb6 55. Ke3 Qe4+ 56. Kf2 c5 57. Qe3 cxd4 58. cxd4 Qxe3+ 59. Kxe3 b4
60. Kd2 Ka5 61. Kc2 Kb5 62. Kd3 Ka5 63. Kc2 Kb5 1/2-1/2

[Event "13. Lichtenberger Sommer"]
[Site "?"]
[Date "2014.08.24"]
[Round "9.81"]
[White "Müller, Johannes"]
[Black "Engelhardt, Erhard"]
[Result "1-0"]
[WhiteElo "1845"]
[BlackElo "1799"]
[PlyCount "59"]
[EventDate "2014.??.??"]
[WhiteTeam "SC Eintracht Berlin e.V."]
[BlackTeam "SSV Rotation Berlin e.V."]

1. e4 d5 2. e5 e6 3. d4 c5 4. c3 Nc6 5. Nf3 Bd7 6. Be2 f6 7. exf6 Nxf6 8. O-O
Qb6 9. a4 Rc8 10. Ne5 g6 11. Kh1 cxd4 12. Nxc6 bxc6 13. a5 Qc7 14. cxd4 Bg7 15.
Nc3 O-O 16. g3 c5 17. Bf4 Qb7 18. Rb1 cxd4 19. a6 Qb4 20. Na2 Qe7 21. Qxd4 Ne4
22. Qxa7 e5 23. f3 exf4 24. fxe4 dxe4 25. Bb5 Rcd8 26. Rfd1 Rfe8 27. Rxd7 Qxd7
28. Qxd7 Rxd7 29. Bxd7 Rd8 30. Bc6 1-0

[Event "13. Lichtenberger Sommer"]
[Site "?"]
[Date "2014.08.24"]
[Round "9.82"]
[White "Strowig, Justin"]
[Black "Dietzel, Uwe"]
[Result "1/2-1/2"]
[WhiteElo "1855"]
[BlackElo "1705"]
[PlyCount "31"]
[EventDate "2014.??.??"]
[WhiteTeam "SV Mattnetz Berlin e.V."]
[BlackTeam "TSV Lichtentanne SAbt"]

1. e4 e6 2. b3 d5 3. Bb2 dxe4 4. Nc3 Nf6 5. Qe2 Nbd7 6. f3 exf3 7. Nxf3 Be7 8.
O-O-O c6 9. g4 O-O 10. Qg2 Qa5 11. h4 Ba3 12. h5 Nd5 13. g5 Rd8 14. g6 fxg6 15.
hxg6 h6 16. Re1 1/2-1/2

[Event "13. Lichtenberger Sommer"]
[Site "?"]
[Date "2014.08.24"]
[Round "9.83"]
[White "Schilly, Hans-Joachim"]
[Black "Aizpurua Zufiria, Inaki"]
[Result "1-0"]
[WhiteElo "1804"]
[BlackElo "1545"]
[PlyCount "145"]
[EventDate "2014.??.??"]
[WhiteTeam "SF Siemensstadt"]
[BlackTeam "Gros Xake Taldea"]

1. c4 c5 2. Nc3 Nf6 3. g3 e6 4. Bg2 a6 5. e4 Qc7 6. f4 d6 7. Nge2 Nc6 8. O-O
Be7 9. b3 Rb8 10. Kh1 b6 11. d4 cxd4 12. Nxd4 Bb7 13. Bb2 O-O 14. f5 e5 15. Nc2
Ba8 16. Nd5 Nxd5 17. exd5 Nd8 18. Qg4 f6 19. Qe2 Bb7 20. Bc1 Bc8 21. Be3 Bd7
22. Nb4 Bc8 23. Be4 Qb7 24. a4 a5 25. Nd3 Qc7 26. h4 Nb7 27. g4 Nc5 28. Nxc5
bxc5 29. Bc2 Bd7 30. g5 Qd8 31. Qd2 Be8 32. Rf2 g6 33. fxg6 Bxg6 34. gxf6 Bxf6
35. Bxg6 hxg6 36. Qc2 Qe8 37. Rg1 e4 38. Rfg2 Rb7 39. Rxg6+ Rg7 40. Rxg7+ Bxg7
41. Qg2 Qf7 42. Qxe4 Qf3+ 43. Qxf3 Rxf3 44. Re1 Rh3+ 45. Kg2 Rxh4 46. Kg3 Re4
47. Kf3 Re8 48. Bd2 Rb8 49. Rb1 Ra8 50. Kg4 Kf7 51. Kf5 Ke7 52. Bg5+ Kd7 53.
Kg6 Bc3 54. Kf7 Rb8 55. Bh6 Re8 56. Bg5 Re1 57. Rxe1 Bxe1 58. Kg6 Bc3 59. Bf6
Bb4 60. Kf5 Be1 61. Ke4 Kc7 62. Kd3 Kb7 63. Bc3 Bxc3 64. Kxc3 Kb6 65. Kd3 Kc7
66. Ke4 Kd7 67. Kf4 Ke8 68. Kg5 Kf7 69. Kf5 Ke7 70. Kg6 Ke8 71. Kf6 Kd7 72. Kf7
Kd8 73. Ke6 1-0

[Event "13. Lichtenberger Sommer"]
[Site "?"]
[Date "2014.08.24"]
[Round "9.84"]
[White "Krüger, Ekkehard"]
[Black "Pöcheim, Stephan"]
[Result "1-0"]
[WhiteElo "1798"]
[BlackElo "1530"]
[PlyCount "39"]
[EventDate "2014.??.??"]
[WhiteTeam "SG Narva Berlin e.V."]
[BlackTeam "Sfrd. Berlin 1903 e.V."]

1. e4 g6 2. d4 Bg7 3. c4 d6 4. Nc3 Nd7 5. Nf3 e5 6. Be3 Nh6 7. h3 f6 8. Qd2 Nf7
9. Bd3 exd4 10. Nxd4 Nde5 11. Be2 Bd7 12. b4 Nc6 13. Nxc6 bxc6 14. Rd1 O-O 15.
O-O Qc8 16. b5 c5 17. Bxc5 Bxh3 18. Be3 Be6 19. Nd5 f5 20. Ne7+ 1-0

[Event "13. Lichtenberger Sommer"]
[Site "?"]
[Date "2014.08.24"]
[Round "9.85"]
[White "Glase, Johan"]
[Black "Jacob, Karl"]
[Result "0-1"]
[WhiteElo "1689"]
[BlackElo "1697"]
[PlyCount "82"]
[EventDate "2014.??.??"]
[WhiteTeam "Schachunion Berlin e.V."]
[BlackTeam "Schachfreunde Hettstedt"]

1. d4 Nf6 2. e3 d5 3. Bd3 g6 4. Nd2 Bg7 5. Ngf3 O-O 6. O-O Re8 7. c3 Nbd7 8. e4
e5 9. exd5 e4 10. Nxe4 Nxe4 11. Bf4 Ndf6 12. Re1 Nd6 13. Qa4 Nxd5 14. Bxd6
Rxe1+ 15. Rxe1 Qxd6 16. Qe8+ Bf8 17. Ne5 Qe7 18. Qxe7 Bxe7 19. Nf3 Kf8 20. Bc4
Be6 21. Re5 c6 22. Ng5 Bxg5 23. Rxg5 Re8 24. Re5 Nb6 25. Bxe6 Rxe6 26. Rxe6
fxe6 27. f3 Na4 28. Kf2 Nxb2 29. Ke3 Ke7 30. Kf4 Kf6 31. Ke4 Nc4 32. h4 h6 33.
g4 g5 34. h5 b5 35. Kd3 Nd6 36. Ke3 e5 37. Kd3 Ke6 38. Ke3 Kd5 39. Kd3 e4+ 40.
fxe4+ Nxe4 41. a3 Nf6 0-1

[Event "13. Lichtenberger Sommer"]
[Site "?"]
[Date "2014.08.24"]
[Round "9.86"]
[White "Kuhr, Stefan"]
[Black "Krusemark, Gerhard"]
[Result "1/2-1/2"]
[WhiteElo "1611"]
[BlackElo "1755"]
[PlyCount "61"]
[EventDate "2014.??.??"]
[WhiteTeam "SC Zugzwang 95 e.V."]
[BlackTeam "TSG Rot-Weiß Fredersdorf/Vogelsd"]

1. c4 Nf6 2. g3 c6 3. Bg2 d5 4. cxd5 cxd5 5. Nf3 Nc6 6. d4 e6 7. O-O Be7 8. Nc3
O-O 9. a3 Bd7 10. b4 a6 11. Bb2 Rc8 12. Rc1 Re8 13. e3 Bd6 14. Ne2 Ne4 15. Nd2
f5 16. Nxe4 fxe4 17. f3 Qg5 18. Qd2 exf3 19. Rxf3 Ne7 20. Rcf1 Rf8 21. Bc1 Bb5
22. Rxf8+ Rxf8 23. Rxf8+ Kxf8 24. Nc3 Bc4 25. e4 Qxd2 26. Bxd2 Nc6 27. exd5
exd5 28. Nxd5 Nxd4 29. Ne3 b5 30. Kf2 Be6 31. Be4 1/2-1/2

[Event "13. Lichtenberger Sommer"]
[Site "?"]
[Date "2014.08.24"]
[Round "9.87"]
[White "Tschirschwitz, Stephan"]
[Black "Petersen, Moritz"]
[Result "1/2-1/2"]
[WhiteElo "1604"]
[BlackElo "1711"]
[PlyCount "61"]
[EventDate "2014.??.??"]
[WhiteTeam "SG Lasker Steglitz-Wilmersdorf"]
[BlackTeam "SV Glück auf Rüdersdorf e.V."]

1. Nf3 d5 2. d4 Nf6 3. e3 Bf5 4. c4 e6 5. Be2 c6 6. O-O Bd6 7. Nc3 Nbd7 8. Nh4
Bg6 9. f4 Ne4 10. Nf3 Ndf6 11. Ne5 Nxc3 12. bxc3 Ne4 13. Qb3 Rb8 14. cxd5 Bxe5
15. fxe5 exd5 16. c4 dxc4 17. Bxc4 O-O 18. Bd3 Qd7 19. Rf4 Nc5 20. dxc5 Qxd3
21. Bb2 Rfd8 22. Bd4 Qxb3 23. axb3 a6 24. b4 Bd3 25. Kf2 Bc4 26. Ke1 Bd5 27. g3
Re8 28. Kd2 Re6 29. Raf1 Re7 30. Kc3 Ra8 31. Ra1 1/2-1/2

[Event "13. Lichtenberger Sommer"]
[Site "?"]
[Date "2014.08.24"]
[Round "9.88"]
[White "Lange, Cecilia"]
[Black "Bailliere, Arne"]
[Result "1/2-1/2"]
[WhiteElo "1553"]
[BlackElo "1673"]
[PlyCount "97"]
[EventDate "2014.??.??"]
[WhiteTeam "TSG Oberschöneweide e.V."]
[BlackTeam "Sfrd. Berlin 1903 e.V."]

1. e4 d6 2. d4 Nf6 3. Nc3 g6 4. Nf3 Bg7 5. Be3 Nbd7 6. Bd3 c6 7. O-O O-O 8. Ne2
Ng4 9. Qd2 Nxe3 10. Qxe3 Qb6 11. Rab1 Nf6 12. h3 Qc7 13. c4 b6 14. Rfc1 c5 15.
d5 Re8 16. b3 e6 17. Qd2 exd5 18. exd5 Ne4 19. Qf4 Nf6 20. Ng3 Nd7 21. Re1 Ne5
22. Re3 Bd7 23. Nxe5 Bxe5 24. Qf3 f5 25. Re2 Qd8 26. Rbe1 Qf6 27. Nf1 Re7 28.
Bb1 Rae8 29. Nh2 Kh8 30. Qd3 a6 31. Nf3 f4 32. Nxe5 Rxe5 33. Rxe5 Rxe5 34. Rxe5
Qxe5 35. Qe4 Qxe4 36. Bxe4 Kg7 37. Kf1 Kf6 38. Ke2 Ke5 39. Kd3 b5 40. a3 bxc4+
41. bxc4 Ba4 42. Bf3 g5 43. Kc3 Bd7 44. Be2 Bf5 45. Bd3 Bxd3 46. Kxd3 h5 47. g4
hxg4 48. hxg4 a5 49. a4 1/2-1/2

[Event "13. Lichtenberger Sommer"]
[Site "?"]
[Date "2014.08.24"]
[Round "9.89"]
[White "Theilig, Reinhard"]
[Black "Kohlmeyer, Dagobert"]
[Result "1/2-1/2"]
[WhiteElo "1675"]
[BlackElo "1888"]
[PlyCount "45"]
[EventDate "2014.??.??"]
[WhiteTeam "VfB Hermsdorf e.V."]
[BlackTeam "SC Rochade e.V."]

1. Nf3 Nf6 2. c4 g6 3. b4 Bg7 4. Bb2 d6 5. g3 O-O 6. Bg2 e5 7. d3 Re8 8. Nbd2
a6 9. O-O Bd7 10. a4 Qc8 11. b5 Bh3 12. e3 Bxg2 13. Kxg2 Nbd7 14. d4 exd4 15.
Bxd4 Nf8 16. b6 Ne6 17. Rb1 c5 18. Bxf6 Bxf6 19. Ne4 Be7 20. Nxd6 Bxd6 21. Qxd6
Rd8 22. Qe5 Qc6 23. a5 1/2-1/2

[Event "13. Lichtenberger Sommer"]
[Site "?"]
[Date "2014.08.24"]
[Round "9.90"]
[White "Prix, Siegfried"]
[Black "Gnaß, Erhard"]
[Result "1-0"]
[WhiteElo "1777"]
[BlackElo "1539"]
[PlyCount "80"]
[EventDate "2014.??.??"]
[WhiteTeam "Sfrd. Berlin 1903 e.V."]
[BlackTeam "SK Zehlendorf e.V."]

1. e4 e5 2. Nf3 d6 3. d4 exd4 4. Nxd4 Nf6 5. Nc3 Be7 6. Bc4 O-O 7. O-O c6 8.
Bb3 Bg4 9. f3 Bh5 10. Be3 Nbd7 11. Qd2 Bg6 12. Rad1 h6 13. Qf2 Nc5 14. Bc4 Qc8
15. Qg3 Nh5 16. Qxg6 b5 17. Bxf7+ Rxf7 18. Qxh5 Rf6 19. Nf5 Bf8 20. Qg4 Kh7 21.
Rd2 Rg6 22. Qh5 Nd7 23. f4 b4 24. Ne2 Nf6 25. Qf3 Nd7 26. Nh4 Re6 27. Nd4 Re8
28. Qg4 Nf6 29. Qg6+ Kg8 30. e5 Ng4 31. Ndf5 Nxe3 32. Nxe3 Re6 33. Qf5 Qe8 34.
Nc4 g6 35. Qd3 d5 36. Ne3 Bg7 37. Nf3 Qb8 38. Nd4 Re8 39. Qxg6 Qc8 40. Nef5 Kh8
1-0

[Event "13. Lichtenberger Sommer"]
[Site "?"]
[Date "2014.08.24"]
[Round "9.91"]
[White "Kaufmann, Mathias"]
[Black "Wolff, Marie Antoinette"]
[Result "0-1"]
[WhiteElo "1559"]
[BlackElo "1707"]
[PlyCount "58"]
[EventDate "2014.??.??"]
[BlackTeam "Leegebrucher Schachfreunde"]

1. c4 c5 2. Nf3 Nc6 3. g3 Nf6 4. Bg2 g6 5. Nc3 Bg7 6. O-O O-O 7. d3 a6 8. Bf4
d6 9. a3 Rb8 10. Rb1 b5 11. cxb5 axb5 12. Ng5 Qc7 13. Nd5 Nxd5 14. Bxd5 Qd7 15.
Bxf7+ Rxf7 16. Nxf7 Kxf7 17. Qb3+ Kf8 18. Rbc1 Nd4 19. Qd1 Ne6 20. Bd2 Bxb2 21.
Bh6+ Ng7 22. Rc2 Bf6 23. e3 Qh3 24. Bxg7+ Kxg7 25. f3 Qe6 26. Qd2 Ra8 27. Ra2
Qb3 28. Rf2 Bh3 29. d4 Qb1+ 0-1

[Event "13. Lichtenberger Sommer"]
[Site "?"]
[Date "2014.08.24"]
[Round "9.92"]
[White "König, Dennis"]
[Black "Bui, Bao Anh Le"]
[Result "1/2-1/2"]
[WhiteElo "1620"]
[BlackElo "1576"]
[PlyCount "84"]
[EventDate "2014.??.??"]
[WhiteTeam "SV Königsjäger Süd-West e.V."]
[BlackTeam "SV Mattnetz Berlin e.V."]

1. d4 Nf6 2. Nf3 e6 3. Bf4 b6 4. e3 Bb7 5. Bd3 Be7 6. Nbd2 O-O 7. O-O d6 8. Qe2
Nd5 9. Bg3 Nb4 10. c4 Nxd3 11. Qxd3 Nd7 12. Rfd1 f5 13. h3 Nf6 14. Bh4 Ne4 15.
Bxe7 Qxe7 16. Qe2 Rf7 17. a3 Raf8 18. Rf1 f4 19. Rad1 Nxd2 20. Rxd2 fxe3 21.
fxe3 Bxf3 22. Rxf3 Rxf3 23. gxf3 Qg5+ 24. Kh2 e5 25. dxe5 Qxe5+ 26. f4 Qe6 27.
Qd3 Re8 28. Re2 Qe4 29. Qd5+ Re6 30. Kg3 h6 31. Qxe4 Rxe4 32. b3 Kf7 33. Kf3
Re6 34. h4 Rf6 35. Rg2 Rg6 36. Rg4 Rxg4 37. Kxg4 g6 38. e4 Kf6 39. b4 c5 40. b5
h5+ 41. Kf3 Ke6 42. Ke3 Kf6 1/2-1/2

[Event "13. Lichtenberger Sommer"]
[Site "?"]
[Date "2014.08.24"]
[Round "9.93"]
[White "Dathe, Frederick"]
[Black "Abraham, Helmut"]
[Result "1/2-1/2"]
[WhiteElo "1594"]
[BlackElo "1553"]
[PlyCount "41"]
[EventDate "2014.??.??"]
[WhiteTeam "Schachunion Berlin e.V."]
[BlackTeam "SC Kreuzberg e.V."]

1. d4 d5 2. c4 c6 3. Nc3 Nf6 4. Nf3 a6 5. c5 Bf5 6. Qb3 Ra7 7. Bf4 Nbd7 8. e3
e6 9. Be2 b5 10. O-O Be7 11. h3 O-O 12. a4 Ra8 13. Na2 Nh5 14. Bh2 Nhf6 15. Bf4
Nb8 16. Nb4 a5 17. axb5 Qd7 18. Ne5 Qb7 19. Nbxc6 Nxc6 20. Nxc6 Rfc8 21. Nxa5
1/2-1/2

[Event "13. Lichtenberger Sommer"]
[Site "?"]
[Date "2014.08.24"]
[Round "9.94"]
[White "Bolle, Dietrich"]
[Black "Mildenberger, Hans"]
[Result "0-1"]
[WhiteElo "1655"]
[BlackElo "1632"]
[PlyCount "46"]
[EventDate "2014.??.??"]
[WhiteTeam "SG Eckturm"]
[BlackTeam "BVG-Helmholz"]

1. d4 Nf6 2. Nf3 e6 3. c4 g6 4. Nc3 d5 5. cxd5 exd5 6. e3 Bg7 7. Be2 O-O 8. O-O
Re8 9. h3 c6 10. Bd3 Nbd7 11. b4 Ne4 12. Bb2 Ndf6 13. Qc2 Nxc3 14. Bxc3 Ne4 15.
Bb2 Qd6 16. a3 f6 17. Ne1 Bh6 18. Bxe4 Rxe4 19. Bc1 Bf5 20. Qb3 Qe6 21. Ra2
Bxh3 22. gxh3 Qxh3 23. f3 Rh4 0-1

[Event "13. Lichtenberger Sommer"]
[Site "?"]
[Date "2014.08.24"]
[Round "9.95"]
[White "Toth, Hans-Jürgen"]
[Black "Born, Jonathan"]
[Result "0-1"]
[WhiteElo "1631"]
[BlackElo "1706"]
[PlyCount "120"]
[EventDate "2014.??.??"]
[WhiteTeam "Schachfreunde Zehdenick 76 e.V."]
[BlackTeam "SV Königsjäger Süd-West e.V."]

1. f4 f5 2. Nf3 Nf6 3. e3 b6 4. b3 Bb7 5. Bb2 e6 6. Be2 Nc6 7. O-O Qe7 8. Nd4
O-O-O 9. Bf3 h6 10. Bxc6 Bxc6 11. Nxc6 dxc6 12. Qf3 Kb7 13. a4 Qc5 14. Rc1 Qd5
15. Kf2 Ng4+ 16. Kg3 Be7 17. h3 Nf6 18. c4 Ne4+ 19. Kh2 Qd3 20. Bc3 Rhg8 21.
Qf1 g5 22. Qxd3 Rxd3 23. g3 Bd6 24. a5 gxf4 25. gxf4 Bxf4+ 26. exf4 Nf2 27. a6+
Kc8 28. Bg7 Rxg7 29. Rc3 Rxc3 30. Nxc3 Kd7 31. Rg1 Rxg1 32. Kxg1 Nxh3+ 33. Kg2
Nxf4+ 34. Kf3 Ng6 35. d4 h5 36. b4 Kd6 37. Na4 b5 38. c5+ Kd7 39. Nc3 h4 40.
Ne2 e5 41. Ke3 Ke6 42. dxe5 Kxe5 43. Nd4 Ne7 44. Nf3+ Kf6 45. Kd4 Nd5 46. Nxh4
Nxb4 47. Nf3 Nxa6 48. Ne5 Nxc5 49. Nxc6 Ne6+ 50. Ke3 a6 51. Nb4 c5 52. Nxa6 Ke7
53. Kd3 Kd6 54. Ke3 Kc6 55. Nb8+ Kc7 56. Na6+ Kb7 57. Nxc5+ Nxc5 58. Kf4 b4 59.
Kxf5 b3 60. Ke5 b2 0-1

[Event "13. Lichtenberger Sommer"]
[Site "?"]
[Date "2014.08.24"]
[Round "9.96"]
[White "Weiß, Daniel"]
[Black "Schmidt, Tim Lucas"]
[Result "1/2-1/2"]
[WhiteElo "1741"]
[BlackElo "1239"]
[PlyCount "98"]
[EventDate "2014.??.??"]
[WhiteTeam "Sfr.Nord-Ost Berlin"]
[BlackTeam "1. Schachclub Anhalt"]

1. Nf3 d5 2. d4 Nf6 3. Bf4 c5 4. c3 Nc6 5. e3 Qb6 6. Qc2 Bf5 7. dxc5 Bxc2 8.
cxb6 axb6 9. Na3 Be4 10. Nb5 Rc8 11. Nfd4 e5 12. f3 Bg6 13. Nxc6 bxc6 14. Bxe5
cxb5 15. Bxb5+ Nd7 16. Rd1 Bf5 17. Rxd5 Rc5 18. Rxc5 Bxc5 19. e4 O-O 20. Bg3
Be6 21. b4 Be7 22. Bf2 Nf6 23. a4 Bd7 24. e5 Bxb5 25. axb5 Nd5 26. Bd4 Rd8 27.
Ke2 Nxb4 28. Bxb6 Rb8 29. Bc7 Rb7 30. b6 Nd5 31. Ra1 Nxb6 32. Rb1 Rxc7 33. Rxb6
Rxc3 34. Rb8+ Bf8 35. f4 g6 36. Rb7 Bh6 37. g3 Rc2+ 38. Kf3 Rxh2 39. Rb8+ Kg7
40. Rb7 Kg8 41. g4 Rh3+ 42. Ke4 Rh4 43. Kf3 Rh1 44. Kg2 Re1 45. Rb8+ Bf8 46.
Kf2 Re4 47. Kf3 Re1 48. Kf2 Re4 49. Kf3 Re1 1/2-1/2

[Event "13. Lichtenberger Sommer"]
[Site "?"]
[Date "2014.08.24"]
[Round "9.97"]
[White "Paris, Gerhard"]
[Black "Hommel, Niclas"]
[Result "1-0"]
[WhiteElo "1536"]
[BlackElo "1575"]
[PlyCount "85"]
[EventDate "2014.??.??"]
[WhiteTeam "TSG Oberschöneweide e.V."]
[BlackTeam "Schachunion Berlin e.V."]

1. e4 e5 2. Nc3 Nc6 3. g3 Nf6 4. Bg2 Bb4 5. Nge2 O-O 6. a3 Bc5 7. d3 d6 8. O-O
h6 9. b4 Bb6 10. Na4 Be6 11. Qe1 Nd4 12. Nxd4 Bxd4 13. Bb2 Bxb2 14. Nxb2 Qd7
15. Qe2 Bh3 16. f3 Bxg2 17. Qxg2 d5 18. Rad1 d4 19. Rf2 b5 20. h3 Qe7 21. Rdf1
a5 22. f4 Nd7 23. g4 axb4 24. axb4 Qxb4 25. Nd1 Ra6 26. f5 Qe7 27. Rf3 Ra2 28.
Rg3 Qh4 29. g5 Rxc2 30. Nf2 hxg5 31. Rxg5 Qh6 32. Ra1 f6 33. Rg6 Rc1+ 34. Rxc1
Qxc1+ 35. Kh2 Rf7 36. Ng4 Kf8 37. Qa2 Qc6 38. Qa3+ Qc5 39. Qa2 Qd6 40. h4 Ke7
41. h5 Rf8 42. Rxg7+ Kd8 43. Qa8+ 1-0

[Event "13. Lichtenberger Sommer"]
[Site "?"]
[Date "2014.08.24"]
[Round "9.98"]
[White "Home, Marcus"]
[Black "Koerber, Bernhard"]
[Result "1/2-1/2"]
[WhiteElo "1307"]
[BlackElo "1640"]
[PlyCount "74"]
[EventDate "2014.??.??"]
[WhiteTeam "1. Schachclub Anhalt"]
[BlackTeam "SG Lasker Steglitz-Wilmersdorf"]

1. d4 Nf6 2. c4 g6 3. Nc3 Bg7 4. e4 d6 5. f3 O-O 6. Be3 b6 7. Qd2 Bb7 8. g4 c5
9. d5 Nbd7 10. h4 Ne5 11. h5 Qd7 12. Bh3 Qd8 13. O-O-O Nxc4 14. Qd3 Nxe3 15.
Qxe3 Qe8 16. hxg6 fxg6 17. Kb1 a6 18. f4 b5 19. g5 Nd7 20. Be6+ Kh8 21. Qh3 h5
22. Bxd7 Qd8 23. Nce2 Qa5 24. Qa3 Qxa3 25. bxa3 Ra7 26. Be6 Bc8 27. Bxc8 Rxc8
28. Rf1 Kh7 29. f5 c4 30. Nf3 c3 31. Kc2 Rc4 32. Rh4 Rac7 33. Rb1 Ra4 34. Rb3
Rcc4 35. Nxc3 b4 36. axb4 Rxa2+ 37. Kd3 Rxc3+ 1/2-1/2

[Event "13. Lichtenberger Sommer"]
[Site "?"]
[Date "2014.08.24"]
[Round "9.99"]
[White "Fontaine, Constantin"]
[Black "Radloff, Rainer"]
[Result "0-1"]
[WhiteElo "1580"]
[BlackElo "1706"]
[PlyCount "44"]
[EventDate "2014.??.??"]
[WhiteTeam "SK Tempelhof 1931 e.V."]
[BlackTeam "SC Weisse Dame e.V."]

1. e4 c5 2. Nf3 d6 3. d4 cxd4 4. Nxd4 Nf6 5. Nc3 a6 6. a4 g6 7. Bc4 Bg7 8. O-O
O-O 9. Be3 b6 10. Qd2 Bb7 11. f3 Nbd7 12. Rae1 Qc7 13. Bb3 Ne5 14. f4 Nc4 15.
Bxc4 Qxc4 16. e5 dxe5 17. fxe5 Nd5 18. Bg5 e6 19. Nxd5 Qxd5 20. Be7 Rfe8 21.
Bd6 Rad8 22. Qf4 Qxg2# 0-1

[Event "13. Lichtenberger Sommer"]
[Site "?"]
[Date "2014.08.24"]
[Round "9.100"]
[White "Wicklein, Christian"]
[Black "Möller, Dirk"]
[Result "1-0"]
[WhiteElo "1413"]
[BlackElo "1624"]
[PlyCount "69"]
[EventDate "2014.??.??"]
[WhiteTeam "vereinslos"]
[BlackTeam "SC Kreuzberg e.V."]

1. c4 e5 2. Nc3 Nc6 3. Nf3 Nf6 4. d3 Bb4 5. a3 Bxc3+ 6. bxc3 d6 7. g3 Bg4 8.
Bg2 Qd7 9. Rb1 Rb8 10. Qa4 O-O 11. Ng5 h6 12. Ne4 Nxe4 13. Bxe4 f5 14. Bd5+ Kh8
15. O-O f4 16. Qd1 Qe8 17. Re1 Qh5 18. Bxc6 bxc6 19. Rxb8 Rxb8 20. gxf4 Bh3 21.
Kh1 Rf8 22. f3 exf4 23. d4 c5 24. dxc5 dxc5 25. Qd5 Qh4 26. Rg1 Qf2 27. Qe5 Rg8
28. Bxf4 Qh4 29. Qxc7 Qf6 30. Be5 Qf8 31. Qxa7 Be6 32. Rg6 Bf5 33. Rxh6+ Bh7
34. Qd7 Qc8 35. Bxg7+ 1-0

[Event "13. Lichtenberger Sommer"]
[Site "?"]
[Date "2014.08.24"]
[Round "9.101"]
[White "Pilgrim, Wilfried"]
[Black "Leyrer, Edgar"]
[Result "1/2-1/2"]
[WhiteElo "1459"]
[BlackElo "1610"]
[PlyCount "43"]
[EventDate "2014.??.??"]
[WhiteTeam "SC Kreuzberg e.V."]
[BlackTeam "SV Königsjäger Süd-West e.V."]

1. Nf3 d5 2. d4 Nf6 3. a3 e6 4. g3 c5 5. Bg2 Nc6 6. O-O Be7 7. Nc3 O-O 8. e3 a6
9. dxc5 Bxc5 10. b4 Ba7 11. Ne2 b5 12. Bb2 Bb7 13. Ned4 Rc8 14. Nxc6 Rxc6 15.
Ne5 Rc7 16. Ng4 Nd7 17. Qd3 Rc4 18. f4 f6 19. Kh1 Qb6 20. Bd4 Rxd4 21. exd4 Rc8
22. c3 1/2-1/2